Movies Quiz

Random Movies or Clickable Quiz

When to Call the Ghostbusters Quiz Stats

 Plays Quiz Updated Jul 15, 2016

Challenge
Share
Tweet
Embed
Score 0/7 Timer 02:00
4 Plays Today
% Correct
There's something strange in your neighborhood
91%
Something weird, and it don't look good
85.1%
An invisible man sleeping in your bed
75.2%
If you're all alone, pick up the phone
71.9%
You're seeing things running through your head
61.9%
You've had a dose of a freaky ghost
58.2%
When he comes through your door, unless you just want some more
29.1%

You're not logged in!

Compare scores with friends on all Sporcle quizzes.
Join for Free
OR
Log In

You Might Also Like...

Show Comments

Extras

Top Quizzes Today


Score Distribution

Your Account Isn't Verified!

In order to create a playlist on Sporcle, you need to verify the email address you used during registration. Go to your Sporcle Settings to finish the process.

Report this User

Report this user for behavior that violates our Community Guidelines.

Details: